000
00265nam a22001337a 4500
082
_a
814.812.3
_b
SUD/O
100
_a
SUDIN
245
_a
ORU THULLI MOUNAM
260
_a
ATTINGAL
_b
S.SUDIN
_c
2007
300
_a
128
520
_a
NOVEL
650
_a
NOVEL
942
_c
BK
999
_c
5191
_d
5191